[Event "FIDE Open World Blitz 2021"]
[Site "Warsaw"]
[Date "2021.12.30"]
[Round "16.12"]
[White "Piorun, Kacper"]
[Black "Tang, Andrew"]
[Result "1/2-1/2"]
[WhiteElo "2634"]
[BlackElo "2588"]
[Annotator "ChessBase"]
[PlyCount "100"]
[EventDate "2021.12.29"]
[EventType "swiss"]
[EventCountry "POL"]
[Tiebreak "Cut1 Buchholz"]
[SourceTitle "playchess.com"]
[Source "ChessBase"]
[SourceQuality "1"]

1. e4 e5 2. Nf3 Nc6 3. Bb5 g6 4. O-O Bg7 5. c3 a6 6. Bxc6 dxc6 7. d4 exd4 8.
cxd4 Ne7 9. h3 O-O 10. Nc3 h6 11. Bf4 g5 12. Be5 g4 13. Bxg7 Kxg7 14. hxg4 Bxg4
15. Qd3 Bxf3 16. Qxf3 Qxd4 17. Qg3+ Ng6 18. Rad1 Qe5 19. f4 Qc5+ 20. Kh1 Qh5+
21. Kg1 Kh8 22. Kf2 Rad8 23. Rh1 Qc5+ 24. Qe3 Qxe3+ 25. Kxe3 Kg7 26. Ne2 Rfe8
27. Nd4 Ne7 28. Kf3 c5 29. Ne2 Nc6 30. g4 Nd4+ 31. Nxd4 cxd4 32. e5 c5 33. b3
Re6 34. Ke4 f6 35. Kf5 Rde8 36. Rde1 fxe5 37. Rxe5 Rxe5+ 38. fxe5 b5 39. e6 c4
40. bxc4 bxc4 41. Ke4 Rxe6+ 42. Kxd4 Rc6 43. Kc3 Rc5 44. a4 Kg6 45. Rd1 Kg5 46.
Rd6 a5 47. Rb6 Re5 48. Rb5 Kf4 49. Kxc4 Re4+ 50. Kb3 Kxg4 1/2-1/2

[Event "FIDE Open World Blitz 2021"]
[Site "Warsaw"]
[Date "2021.12.30"]
[Round "16.13"]
[White "Sindarov, Javokhir"]
[Black "Oparin, Grigoriy"]
[Result "1/2-1/2"]
[WhiteElo "2587"]
[BlackElo "2580"]
[Annotator "ChessBase"]
[PlyCount "160"]
[EventDate "2021.12.29"]
[EventType "swiss"]
[EventCountry "POL"]
[Tiebreak "Cut1 Buchholz"]
[SourceTitle "playchess.com"]
[Source "ChessBase"]
[SourceQuality "1"]

1. e4 e5 2. Nf3 Nc6 3. Bc4 Bc5 4. b4 Bxb4 5. c3 Ba5 6. d4 d6 7. Qb3 Qd7 8. O-O
Bb6 9. Nbd2 Na5 10. Qc2 Ne7 11. dxe5 Ng6 12. exd6 Qxd6 13. e5 Qc6 14. Bd3 Nf4
15. Be4 Qxc3 16. Qxc3 Ne2+ 17. Kh1 Nxc3 18. Bc2 Bd7 19. Bb2 Na4 20. e6 O-O 21.
Bxg7 Kxg7 22. exd7 Nc5 23. Ne4 Nxd7 24. Ng3 Nf6 25. Rab1 Nc6 26. Rb5 Rad8 27.
Rg5+ Kh8 28. Nh5 Rd6 29. Bb1 Nd4 30. Ne5 h6 31. Rg7 Nxh5 32. Rxf7 Rxf7 33.
Nxf7+ Kg7 34. Nxd6 cxd6 35. g3 Ne2 36. Bc2 Nc3 37. Bb3 d5 38. Kg2 d4 39. f4 Nf6
40. Kf3 d3 41. g4 d2 42. g5 Nfe4 43. h4 hxg5 44. hxg5 Nf2 45. f5 d1=Q+ 46. Bxd1
Ncxd1 47. Re1 Ne3 48. f6+ Kg6 49. Rc1 Nd3 50. Rc8 Ne5+ 51. Ke4 Kxg5 52. Kxe5
Ng4+ 53. Ke6 Nxf6 54. Rb8 Ne4 55. Kd5 Nc5 56. a4 Nxa4 57. Rxb7 Kf6 58. Kc6 Bd4
59. Kb5 Ke5 60. Kxa4 Bb6 61. Kb5 Kd6 62. Rh7 Kd5 63. Rd7+ Ke6 64. Kc6 Ke5 65.
Rd6 Ke4 66. Rd5 Bd4 67. Rh5 Bb6 68. Kd6 Kd4 69. Rh4+ Kd3 70. Kd5 Ke3 71. Re4+
Kd3 72. Re6 Be3 73. Rg6 Bf4 74. Ra6 Be3 75. Ra3+ Kd2 76. Ke4 Bb6 77. Rd3+ Kc2
78. Rh3 Kd2 79. Rf3 Kc2 80. Rh3 Kd2 1/2-1/2

[Event "FIDE Open World Blitz 2021"]
[Site "Warsaw"]
[Date "2021.12.30"]
[Round "16.13"]
[White "Theodorou, Nikolas"]
[Black "Schneider, Ilja"]
[Result "1/2-1/2"]
[WhiteElo "2351"]
[BlackElo "2486"]
[Annotator "ChessBase"]
[PlyCount "126"]
[EventDate "2021.12.29"]
[EventType "swiss"]
[EventCountry "POL"]
[Tiebreak "Cut1 Buchholz"]
[SourceTitle "playchess.com"]
[Source "ChessBase"]
[SourceQuality "1"]

1. d4 d5 2. c4 c6 3. Nf3 Nf6 4. Nc3 a6 5. Qc2 dxc4 6. e4 b5 7. b3 b4 8. e5 bxc3
9. exf6 cxb3 10. Qxb3 Be6 11. fxg7 Bxg7 12. Qxc3 Bd5 13. Ne5 Nd7 14. Bf4 c5 15.
Rd1 cxd4 16. Qxd4 e6 17. Bc4 Bxc4 18. Qxc4 Qa5+ 19. Kf1 Bxe5 20. Bxe5 Qxe5 21.
Kg1 O-O 22. Rxd7 Rfd8 23. Rxd8+ Rxd8 24. g3 Rd4 25. Qc8+ Kg7 26. Qc1 Qe4 27. h4
Rc4 28. Qg5+ Qg6 29. Qe5+ Qf6 30. Qxf6+ Kxf6 31. Kg2 Rc2 32. Ra1 a5 33. a4 Rc4
34. Ra3 Ke5 35. Kf3 Kd4 36. Kf4 f6 37. Re3 Kd5+ 38. Kf3 Rxa4 39. Rd3+ Rd4 40.
Rb3 a4 41. Rb7 Kc4 42. Rxh7 a3 43. Ra7 Kb3 44. h5 a2 45. h6 Rd5 46. Kg4 Kb2 47.
h7 Rd8 48. Kh5 a1=Q 49. Rxa1 Kxa1 50. Kg6 f5 51. Kg7 Kb2 52. h8=Q Rxh8 53. Kxh8
Kc3 54. Kg7 Kd4 55. Kf6 Kd5 56. f3 Kd6 57. g4 fxg4 58. fxg4 e5 59. Kf5 e4 60.
Kxe4 Ke6 61. g5 Kf7 62. Kf5 Kg7 63. g6 Kg8 1/2-1/2

[Event "FIDE Open World Blitz 2021"]
[Site "Warsaw"]
[Date "2021.12.30"]
[Round "16.14"]
[White "Mastrovasilis, Dimitrios"]
[Black "Van Foreest, Jorden"]
[Result "1/2-1/2"]
[WhiteElo "2577"]
[BlackElo "2566"]
[Annotator "ChessBase"]
[PlyCount "156"]
[EventDate "2021.12.29"]
[EventType "swiss"]
[EventCountry "POL"]
[Tiebreak "Cut1 Buchholz"]
[SourceTitle "playchess.com"]
[Source "ChessBase"]
[SourceQuality "1"]

1. e4 c6 2. d4 d5 3. Nd2 dxe4 4. Nxe4 Bf5 5. Qf3 e6 6. Ne2 Be7 7. N2g3 Bg6 8.
c3 Nd7 9. h4 Bxe4 10. Nxe4 Ngf6 11. Bd3 Nxe4 12. Qxe4 Nf6 13. Qe2 Qd5 14. O-O
O-O 15. g3 Rfd8 16. Bc4 Qh5 17. Qxh5 Nxh5 18. a4 a5 19. Be3 Nf6 20. Rad1 Rab8
21. Bf4 Bd6 22. Bg5 h6 23. Bxf6 gxf6 24. Rfe1 f5 25. Kg2 Kg7 26. Kf3 Kf6 27.
Re2 b5 28. Bb3 Rd7 29. Ra1 Rdb7 30. Ra2 b4 31. Bc4 bxc3 32. bxc3 Rb1 33. Bd3
R1b3 34. Rec2 Bb4 35. cxb4 Rxd3+ 36. Ke2 Rxd4 37. bxa5 Ra8 38. Rc5 Ke7 39. Rxc6
Rxa5 40. Rc7+ Kf6 41. Rb2 Re4+ 42. Kf1 Raxa4 43. Rbb7 Ra2 44. f4 Kg6 45. Rxf7
Rc4 46. Rg7+ Kh5 47. Rb1 Rcc2 48. Re1 Rh2 49. Kg1 Rhg2+ 50. Kh1 Rgd2 51. Kg1
Rdc2 52. Kh1 Rg2 53. Rg8 Raf2 54. Rxe6 Rh2+ 55. Kg1 Rfg2+ 56. Kf1 Ra2 57. Kg1
Rhg2+ 58. Kh1 Rgc2 59. Re1 Rc3 60. Kg1 Rb3 61. Rg7 Rb8 62. Kh1 Rd8 63. Kg1 Rdd2
64. Kh1 Rg2 65. Rg8 Rh2+ 66. Kg1 Raf2 67. Rg7 Rhg2+ 68. Kh1 Rh2+ 69. Kg1 Rfg2+
70. Kf1 Rd2 71. Kg1 Rhf2 72. Re5 Rg2+ 73. Kf1 Rdf2+ 74. Ke1 Rxf4 75. gxf4 Rxg7
76. Rxf5+ Kxh4 77. Kf2 h5 78. Rg5 Rxg5 1/2-1/2

[Event "FIDE Open World Blitz 2021"]
[Site "Warsaw"]
[Date "2021.12.30"]
[Round "16.14"]
[White "Bellahcene, Bilel"]
[Black "Kosakowski, Jakub"]
[Result "1-0"]
[WhiteElo "2528"]
[BlackElo "2340"]
[Annotator "ChessBase"]
[PlyCount "133"]
[EventDate "2021.12.29"]
[EventType "swiss"]
[EventCountry "POL"]
[Tiebreak "Cut1 Buchholz"]
[SourceTitle "playchess.com"]
[Source "ChessBase"]
[SourceQuality "1"]

1. e4 e5 2. Nc3 Nf6 3. d4 exd4 4. Qxd4 Nc6 5. Qd3 Bb4 6. Bd2 O-O 7. O-O-O Re8
8. f3 d6 9. a3 Ba5 10. Kb1 a6 11. Bg5 h6 12. Bh4 Ne5 13. Qe3 Ng6 14. Be1 b5 15.
h4 b4 16. axb4 Bxb4 17. g4 Rb8 18. g5 Nh5 19. gxh6 Bc5 20. Qg5 Qxg5 21. hxg5
Nhf4 22. Bc4 Be6 23. Bxe6 Nxe6 24. hxg7 Bd4 25. Rxd4 Nxd4 26. Nd5 Kxg7 27. Nxc7
Rec8 28. Bc3 Rxc7 29. Bxd4+ Kf8 30. Ne2 Ke7 31. f4 Rc4 32. c3 a5 33. Kc2 a4 34.
f5 Ne5 35. Nf4 Nf3 36. Nd5+ Kd7 37. Kd3 Rc6 38. g6 fxg6 39. Rh7+ Kd8 40. Bf6+
Kc8 41. fxg6 Rxb2 42. g7 Rg2 43. Rh8+ Kb7 44. g8=Q Rxg8 45. Rxg8 a3 46. Rg7+
Kb8 47. Nb4 Rb6 48. Kc2 Ne1+ 49. Kb3 Nd3 50. Kxa3 Nc5 51. e5 dxe5 52. Bxe5+ Ka8
53. Rg8+ Kb7 54. Bd4 Rb5 55. Rg7+ Kc8 56. Bxc5 Rxc5 57. Kb3 Rh5 58. Nd3 Rh3 59.
Nf4 Rh4 60. Nd5 Rh5 61. c4 Kb8 62. Kb4 Kc8 63. Kc5 Rh6 64. Rf7 Ra6 65. Kb5 Rh6
66. c5 Kb8 67. c6 1-0

[Event "FIDE Open World Blitz 2021"]
[Site "Warsaw"]
[Date "2021.12.30"]
[Round "16.15"]
[White "Abdusattorov, Nodirbek"]
[Black "Sanal, Vahap"]
[Result "0-1"]
[WhiteElo "2646"]
[BlackElo "2590"]
[Annotator "ChessBase"]
[PlyCount "105"]
[EventDate "2021.12.29"]
[EventType "swiss"]
[EventCountry "POL"]
[Tiebreak "Cut1 Buchholz"]
[SourceTitle "playchess.com"]
[Source "ChessBase"]
[SourceQuality "1"]

1. c4 Nf6 2. Nc3 g6 3. g3 Bg7 4. Bg2 d6 5. d4 O-O 6. Nf3 c6 7. O-O Qb6 8. b3 e5
9. Bb2 e4 10. Ne1 d5 11. Nc2 Be6 12. Ne3 Nbd7 13. cxd5 cxd5 14. Rc1 Qa6 15. a4
Qb6 16. Ba3 Rfc8 17. b4 Bf8 18. Qb3 Qxd4 19. Rfd1 Qe5 20. Ncxd5 Rxc1 21. Bxc1
Nxd5 22. Nxd5 Nb6 23. Qc3 Qxc3 24. Nxc3 f5 25. a5 Bxb4 26. Nxe4 fxe4 27. axb6
axb6 28. Bxe4 Ra1 29. Bc2 Kf7 30. Be3 Rxd1+ 31. Bxd1 Bc5 32. Bc1 b5 33. Kf1 b4
34. Bb2 b3 35. e3 Bc4+ 36. Kg2 Be7 37. e4 b5 38. f4 Bb4 39. Kf2 Bd2 40. Be2 Ke6
41. Bf1 Kd6 42. f5 gxf5 43. exf5 Bxf1 44. Kxf1 b4 45. Ke2 Bc3 46. Bc1 b2 47.
Bxb2 Bxb2 48. Kd3 Ke5 49. g4 Kf4 50. h3 Bf6 51. Kc4 Be7 52. f6 Bf8 53. Kd4 0-1

[Event "FIDE Open World Blitz 2021"]
[Site "Warsaw"]
[Date "2021.12.30"]
[Round "16.15"]
[White "Nguyen, Thai Dai Van"]
[Black "Szpar, Milosz"]
[Result "1-0"]
[WhiteElo "2594"]
[BlackElo "2285"]
[Annotator "ChessBase"]
[PlyCount "65"]
[EventDate "2021.12.29"]
[EventType "swiss"]
[EventCountry "POL"]
[Tiebreak "Cut1 Buchholz"]
[SourceTitle "playchess.com"]
[Source "ChessBase"]
[SourceQuality "1"]

1. d4 Nf6 2. c4 e6 3. Nf3 c5 4. d5 d6 5. Nc3 exd5 6. cxd5 g6 7. g3 Bg7 8. Bg2
O-O 9. O-O a6 10. a4 Nbd7 11. Re1 Re8 12. Bf4 Qc7 13. Qc2 b6 14. e4 Rb8 15.
Rad1 Ng4 16. h3 Nge5 17. Nd2 b5 18. axb5 axb5 19. Be3 b4 20. Ne2 Ba6 21. Nb3 c4
22. f4 Qd8 23. Nbd4 Nd3 24. Rf1 b3 25. Qd2 Bb7 26. Nc6 Bxc6 27. dxc6 N7c5 28.
e5 dxe5 29. f5 e4 30. f6 Bf8 31. Qc3 Qc7 32. Qxc4 Qxg3 33. Nxg3 1-0

[Event "FIDE Open World Blitz 2021"]
[Site "Warsaw"]
[Date "2021.12.30"]
[Round "16.16"]
[White "Petrosian, Tigran L."]
[Black "Korobov, Anton"]
[Result "1-0"]
[WhiteElo "2602"]
[BlackElo "2684"]
[Annotator "ChessBase"]
[PlyCount "127"]
[EventDate "2021.12.29"]
[EventType "swiss"]
[EventCountry "POL"]
[Tiebreak "Cut1 Buchholz"]
[SourceTitle "playchess.com"]
[Source "ChessBase"]
[SourceQuality "1"]

1. Nf3 Nf6 2. g3 b5 3. Bg2 Bb7 4. d3 e6 5. e4 Be7 6. e5 Nd5 7. c4 bxc4 8. dxc4
Nb6 9. Qc2 c5 10. O-O Nc6 11. Rd1 O-O 12. Bf4 Qc8 13. Nc3 Nb4 14. Qe2 Ba6 15.
b3 N6d5 16. Nxd5 Nxd5 17. Bg5 h6 18. Rxd5 Bxg5 19. Rd3 Be7 20. Rad1 Rd8 21. Nd2
Rb8 22. Ne4 Bb7 23. Nd6 Bxd6 24. Rxd6 Bxg2 25. Kxg2 Rb6 26. R6d3 Qc7 27. f4 a5
28. Qd2 a4 29. Rxd7 Qc6+ 30. Kh3 Rxd7 31. Qxd7 Qxd7 32. Rxd7 axb3 33. axb3 Rxb3
34. Rc7 Rc3 35. Rxc5 Rc2 36. Rc7 g6 37. c5 h5 38. c6 Kg7 39. Rc8 Kh7 40. c7 Kg7
41. g4 Rc3+ 42. Kh4 hxg4 43. Kxg4 Kh7 44. h4 Kg7 45. h5 gxh5+ 46. Kxh5 Rh3+ 47.
Kg4 Rc3 48. Kh4 Kh7 49. Kh5 Kg7 50. Kg4 Kh7 51. f5 Kg7 52. f6+ Kh7 53. Kf4 Rc1
54. Ke3 Rc6 55. Kd3 Rc5 56. Kd4 Rc1 57. Re8 Rxc7 58. Re7 Rc1 59. Rxf7+ Kg6 60.
Rg7+ Kh6 61. Rg3 Rd1+ 62. Kc5 Rd5+ 63. Kc6 Rxe5 64. Rf3 1-0

[Event "FIDE Open World Blitz 2021"]
[Site "Warsaw"]
[Date "2021.12.30"]
[Round "16.16"]
[White "Thybo, Jesper Sondergaard"]
[Black "Postny, Evgeny"]
[Result "0-1"]
[WhiteElo "2195"]
[BlackElo "2557"]
[Annotator "ChessBase"]
[PlyCount "72"]
[EventDate "2021.12.29"]
[EventType "swiss"]
[EventCountry "POL"]
[Tiebreak "Cut1 Buchholz"]
[SourceTitle "playchess.com"]
[Source "ChessBase"]
[SourceQuality "1"]

1. d4 d5 2. Nf3 Nf6 3. c4 c6 4. cxd5 cxd5 5. Nc3 Nc6 6. Bf4 a6 7. Ne5 Bd7 8. e3
e6 9. Bd3 Be7 10. O-O O-O 11. Rc1 Rc8 12. a3 Be8 13. b4 Nxe5 14. Bxe5 Nd7 15.
Bg3 Nb6 16. Qb3 Nc4 17. Rfe1 b5 18. e4 dxe4 19. Bxe4 Bc6 20. Bxc6 Rxc6 21. Rcd1
Rc8 22. d5 e5 23. Ne4 Bd6 24. Nc5 Bxc5 25. bxc5 Rxc5 26. d6 Qd7 27. f4 exf4 28.
Bxf4 h6 29. Re7 Qf5 30. Bg3 Rd5 31. Rf1 Qc8 32. Qf3 Qc5+ 33. Kh1 Nxd6 34. Rd7
Ne4 35. Rxf7 Nxg3+ 36. hxg3 Rh5+ 0-1

[Event "FIDE Open World Blitz 2021"]
[Site "Warsaw"]
[Date "2021.12.30"]
[Round "16.17"]
[White "Gukesh D"]
[Black "Mamedov, Rauf"]
[Result "1-0"]
[WhiteElo "2621"]
[BlackElo "2673"]
[Annotator "ChessBase"]
[PlyCount "97"]
[EventDate "2021.12.29"]
[EventType "swiss"]
[EventCountry "POL"]
[Tiebreak "Cut1 Buchholz"]
[SourceTitle "playchess.com"]
[Source "ChessBase"]
[SourceQuality "1"]

1. d4 Nf6 2. c4 g6 3. g3 Bg7 4. Bg2 O-O 5. Nf3 d6 6. O-O Nbd7 7. Nc3 e5 8. Qc2
exd4 9. Nxd4 Nb6 10. b3 c5 11. Nf3 Bf5 12. Qd2 d5 13. Nh4 Be6 14. Ba3 dxc4 15.
Qc2 Qe7 16. Rab1 Rab8 17. Rfd1 Rfd8 18. Rxd8+ Rxd8 19. bxc4 Nxc4 20. Rxb7 Nxa3
21. Qa4 Qd6 22. Qxa3 Ng4 23. Nf3 Ne5 24. Rxa7 Nc4 25. Qc1 Bxc3 26. Qxc3 Qd1+
27. Bf1 Bh3 28. Qe1 Qc2 29. Qa1 Bxf1 30. Qf6 Rf8 31. Kxf1 Qd1+ 32. Kg2 Qxe2 33.
Re7 Qd3 34. Qc6 Qa3 35. Qd5 Qxa2 36. Kg1 Qb1+ 37. Re1 Qb4 38. Re4 Nb6 39. Qc6
Qb1+ 40. Re1 Qb4 41. Re4 Qb1+ 42. Re1 Qb4 43. Re4 c4 44. Ne5 Qb1+ 45. Kg2 c3
46. Rf4 c2 47. Rxf7 Rxf7 48. Qe6 Qf1+ 49. Kxf1 1-0

[Event "FIDE Open World Blitz 2021"]
[Site "Warsaw"]
[Date "2021.12.30"]
[Round "16.17"]
[White "Nevednichy, Vladislav"]
[Black "Mikhalevski, Victor"]
[Result "0-1"]
[WhiteElo "2379"]
[BlackElo "2577"]
[Annotator "ChessBase"]
[PlyCount "148"]
[EventDate "2021.12.29"]
[EventType "swiss"]
[EventCountry "POL"]
[Tiebreak "Cut1 Buchholz"]
[SourceTitle "playchess.com"]
[Source "ChessBase"]
[SourceQuality "1"]

1. e4 e5 2. Nf3 Nc6 3. Bc4 Bc5 4. d3 Nf6 5. O-O h6 6. c3 d6 7. a4 a5 8. Re1 O-O
9. Nbd2 Bb6 10. Nf1 Ne7 11. Ng3 Ng6 12. h3 c6 13. Bb3 d5 14. exd5 Nxd5 15. d4
exd4 16. Nxd4 Be6 17. Bc2 Ndf4 18. Bxf4 Nxf4 19. Qf3 Bxd4 20. Qxf4 Bb6 21. Ne4
Bc7 22. Qf3 Bd5 23. Qf5 g6 24. Qg4 Kg7 25. Ng3 Qg5 26. Qxg5 hxg5 27. Ne4 f6 28.
Nc5 Rf7 29. Rad1 Bb6 30. Ne6+ Kh6 31. b3 Re8 32. Nd4 Rfe7 33. Rxe7 Rxe7 34. c4
Bf7 35. Kf1 f5 36. Ne2 Kg7 37. Ng3 Kf6 38. Rd6+ Ke5 39. Rd1 Bc5 40. Re1+ Kf6
41. Rd1 Bb4 42. Ne2 Be6 43. f3 Rd7 44. Rxd7 Bxd7 45. g4 b5 46. cxb5 cxb5 47.
Nd4 bxa4 48. bxa4 Ke5 49. Ne2 Bc6 50. Kf2 Bc5+ 51. Kg2 Be3 52. Ng3 Bd7 53. Ne2
Bc5 54. Kg3 Bb4 55. f4+ gxf4+ 56. Nxf4 Be1+ 57. Kf3 Bc6+ 58. Ke3 Bd2+ 59. Kxd2
Kxf4 60. gxf5 gxf5 61. h4 Be8 62. Kc3 Kg4 63. h5 Bxh5 64. Kc4 f4 65. Kb5 Kg3
66. Kxa5 f3 67. Bd3 f2 68. Kb4 Kf3 69. a5 Ke3 70. Bf1 Be2 71. Bh3 Kf4 72. Kc3
Kg3 73. Kd2 Kxh3 74. Kxe2 Kg2 0-1

[Event "FIDE Open World Blitz 2021"]
[Site "Warsaw"]
[Date "2021.12.30"]
[Round "16.18"]
[White "Karjakin, Sergey"]
[Black "Cheparinov, Ivan"]
[Result "1/2-1/2"]
[WhiteElo "2743"]
[BlackElo "2594"]
[Annotator "ChessBase"]
[PlyCount "136"]
[EventDate "2021.12.29"]
[EventType "swiss"]
[EventCountry "POL"]
[Tiebreak "Cut1 Buchholz"]
[SourceTitle "playchess.com"]
[Source "ChessBase"]
[SourceQuality "1"]

1. e4 c5 2. Nf3 d6 3. Bd3 Nf6 4. O-O Nc6 5. Re1 Bg4 6. h3 Bh5 7. Bb5 e5 8. c3
Be7 9. d3 O-O 10. Nbd2 a6 11. Ba4 b5 12. Bc2 d5 13. Qe2 Re8 14. Nf1 Qc7 15. Ng3
Bg6 16. Nh4 Rad8 17. Nxg6 hxg6 18. exd5 Nxd5 19. Qf3 Qd7 20. Bd2 Bf8 21. a4 b4
22. a5 Nc7 23. Bb3 Ne6 24. Bc4 Qc7 25. Bxa6 Nxa5 26. Bb5 Nb3 27. Bxe8 Nxd2 28.
Qd1 Rxd3 29. Re3 Rd8 30. Qa4 c4 31. Bc6 Nc5 32. Qb5 Ndb3 33. Rf1 Rb8 34. Qxc4
Na5 35. Qh4 Nxc6 36. Rd1 bxc3 37. bxc3 Qe7 38. Qc4 Qe6 39. Qe2 Re8 40. Ne4 Nxe4
41. Rxe4 Qc8 42. Rc4 Qe6 43. Ra4 Rd8 44. Rxd8 Nxd8 45. Qe4 Qc6 46. Qxc6 Nxc6
47. Kf1 f6 48. Ra6 Nd8 49. Ke2 Kf7 50. Kd3 Ne6 51. Kc4 Nf4 52. g3 Nxh3 53. Ra2
Ng5 54. Kd5 e4 55. c4 f5 56. c5 Ne6 57. Ra7+ Be7 58. c6 Kf6 59. c7 Nxc7+ 60.
Rxc7 Bb4 61. Rc6+ Kg5 62. Kd4 Be1 63. Ke3 Bb4 64. Rc4 Ba5 65. Rc6 Bb4 66. g4
Be7 67. f4+ exf3 68. Kxf3 fxg4+ 1/2-1/2

[Event "FIDE Open World Blitz 2021"]
[Site "Warsaw"]
[Date "2021.12.30"]
[Round "16.18"]
[White "Berchtenbreiter, Maximilian"]
[Black "Dziuba, Marcin"]
[Result "0-1"]
[WhiteElo "2506"]
[BlackElo "2568"]
[Annotator "ChessBase"]
[PlyCount "64"]
[EventDate "2021.12.29"]
[EventType "swiss"]
[EventCountry "POL"]
[Tiebreak "Cut1 Buchholz"]
[SourceTitle "playchess.com"]
[Source "ChessBase"]
[SourceQuality "1"]

1. d4 Nf6 2. Bf4 g6 3. Nf3 Bg7 4. c3 d5 5. Qc1 c5 6. dxc5 a5 7. Bh6 O-O 8. h4
Bxh6 9. Qxh6 Ng4 10. Qc1 h5 11. b4 b6 12. e3 bxc5 13. bxc5 Na6 14. c6 Nc5 15.
Qa3 Ne4 16. Nbd2 Nexf2 17. Rg1 Qb6 18. c4 Be6 19. Nd4 dxc4 20. Rb1 Qc7 21. g3
Rab8 22. Rxb8 Rxb8 23. Nxe6 fxe6 24. Bxc4 Qe5 25. Ke2 Rc8 26. Qxe7 Qxe3+ 27.
Kf1 Kh8 28. c7 Nh3 29. Qd8+ Kh7 30. Qd7+ Kh6 31. Rg2 Rf8+ 32. Nf3 Rxf3+ 0-1

[Event "FIDE Open World Blitz 2021"]
[Site "Warsaw"]
[Date "2021.12.30"]
[Round "16.19"]
[White "Sargsyan, Shant"]
[Black "Onyshchuk, Volodymyr"]
[Result "1-0"]
[WhiteElo "2628"]
[BlackElo "2622"]
[Annotator "ChessBase"]
[PlyCount "79"]
[EventDate "2021.12.29"]
[EventType "swiss"]
[EventCountry "POL"]
[Tiebreak "Cut1 Buchholz"]
[SourceTitle "playchess.com"]
[Source "ChessBase"]
[SourceQuality "1"]

1. d4 d6 2. Nf3 g6 3. c4 Bg7 4. Nc3 e5 5. e4 exd4 6. Nxd4 Nc6 7. Be3 Nge7 8.
Be2 O-O 9. O-O f5 10. Nxc6 bxc6 11. Qd2 c5 12. exf5 Bxf5 13. Bf3 Rb8 14. Rae1
Be6 15. Bg5 Qd7 16. Bxe7 Rxf3 17. gxf3 Bxc4 18. Bh4 Qf5 19. Bg3 h5 20. h4 Qxf3
21. Re3 Qg4 22. Rfe1 Bd4 23. b3 Bf7 24. Ne4 Kg7 25. Ng5 Bd5 26. Re7+ Kg8 27.
Qf4 Qxf4 28. Bxf4 c4 29. Re8+ Rxe8 30. Rxe8+ Kg7 31. bxc4 Bxc4 32. Re7+ Kf6 33.
Rxc7 Bxa2 34. Be3 Be5 35. Rxa7 Bd5 36. f4 Bc3 37. Kf2 Kf5 38. Ra6 Bb4 39. Rb6
Bc3 40. Rb5 1-0

[Event "FIDE Open World Blitz 2021"]
[Site "Warsaw"]
[Date "2021.12.30"]
[Round "16.19"]
[White "Van Foreest, Lucas"]
[Black "Holm, Kristian Stuvik"]
[Result "1-0"]
[WhiteElo "2532"]
[BlackElo "2471"]
[Annotator "ChessBase"]
[PlyCount "81"]
[EventDate "2021.12.29"]
[EventType "swiss"]
[EventCountry "POL"]
[Tiebreak "Cut1 Buchholz"]
[SourceTitle "playchess.com"]
[Source "ChessBase"]
[SourceQuality "1"]

1. e4 c5 2. c3 d5 3. exd5 Qxd5 4. d4 g6 5. dxc5 Qxc5 6. Na3 a6 7. Nc4 Nd7 8.
Be3 Qc7 9. Nf3 Bg7 10. a4 Nh6 11. Qd2 Nf5 12. a5 Nxe3 13. Qxe3 Nf6 14. Nb6 Rb8
15. Bc4 O-O 16. O-O e6 17. Rfd1 Nd7 18. Bxe6 Nxb6 19. axb6 Qe7 20. Bxc8 Qxe3
21. fxe3 Rfxc8 22. Ra3 Bf8 23. Rb3 Bc5 24. Kf2 Rc6 25. Rd5 Rxb6 26. Rxb6 Bxb6
27. Rd7 Re8 28. Nd4 Bxd4 29. exd4 b5 30. Rd6 Re6 31. Rxe6 fxe6 32. Ke3 Kf7 33.
Ke4 Kf6 34. d5 exd5+ 35. Kxd5 Kf5 36. Kc6 h5 37. Kb6 Ke4 38. Kxa6 Ke3 39. Kxb5
Kf2 40. c4 Kxg2 41. c5 1-0

[Event "FIDE Open World Blitz 2021"]
[Site "Warsaw"]
[Date "2021.12.30"]
[Round "16.20"]
[White "Svane, Rasmus"]
[Black "Murzin, Volodar"]
[Result "1-0"]
[WhiteElo "2628"]
[BlackElo "2519"]
[Annotator "ChessBase"]
[PlyCount "143"]
[EventDate "2021.12.29"]
[EventType "swiss"]
[EventCountry "POL"]
[Tiebreak "Cut1 Buchholz"]
[SourceTitle "playchess.com"]
[Source "ChessBase"]
[SourceQuality "1"]

1. Nf3 Nf6 2. g3 g6 3. Bg2 Bg7 4. O-O O-O 5. d4 d6 6. Re1 Nbd7 7. e4 e5 8. Nc3
Re8 9. a4 a5 10. Be3 c6 11. Qd2 Ng4 12. Bg5 Qb6 13. dxe5 Ndxe5 14. Nxe5 dxe5
15. h3 h6 16. Bh4 Nxf2 17. Qxf2 Qxf2+ 18. Kxf2 g5 19. Bxg5 hxg5 20. Nd1 Bf8 21.
Ne3 Bc5 22. Bf3 Be6 23. Ke2 Bxe3 24. Kxe3 Kf8 25. Bg4 Bxg4 26. hxg4 Ke7 27. Rh1
Rad8 28. Raf1 Rd4 29. Rh7 Rf8 30. b3 b5 31. Rf5 Ke6 32. c3 Rd1 33. Rxg5 Rfd8
34. Rh6+ f6 35. Rf5 R8d3+ 36. Ke2 R3d2+ 37. Ke3 Rd3+ 38. Kf2 R3d2+ 39. Kf3 Rd3+
40. Kg2 R3d2+ 41. Rf2 Rxf2+ 42. Kxf2 bxa4 43. bxa4 Kf7 44. Rh7+ Kg6 45. Rc7 Ra1
46. Rxc6 Rxa4 47. Rc8 Ra1 48. Rg8+ Kf7 49. Ra8 a4 50. g5 fxg5 51. Kf3 Ke6 52.
Kg4 Kd6 53. Ra5 a3 54. c4 a2 55. c5+ Kc6 56. Kxg5 Rg1 57. Rxa2 Kxc5 58. Kf5
Rxg3 59. Kxe5 Kc6 60. Rd2 Rg1 61. Ke6 Re1 62. e5 Re3 63. Kf6 Kc7 64. e6 Rf3+
65. Ke7 Rc3 66. Ke8 Re3 67. e7 Re1 68. Rc2+ Kb7 69. Rc4 Re2 70. Kd7 Rd2+ 71.
Ke6 Re2+ 72. Kd6 1-0

[Event "FIDE Open World Blitz 2021"]
[Site "Warsaw"]
[Date "2021.12.30"]
[Round "16.20"]
[White "Jakubowski, Krzysztof"]
[Black "Costachi, Mihnea"]
[Result "0-1"]
[WhiteElo "2373"]
[BlackElo "2463"]
[Annotator "ChessBase"]
[PlyCount "104"]
[EventDate "2021.12.29"]
[EventType "swiss"]
[EventCountry "POL"]
[Tiebreak "Cut1 Buchholz"]
[SourceTitle "playchess.com"]
[Source "ChessBase"]
[SourceQuality "1"]

1. d4 Nf6 2. Nf3 g6 3. Bf4 Bg7 4. e3 O-O 5. Be2 d6 6. h3 b6 7. O-O Bb7 8. a4 a5
9. Na3 Ne4 10. Bh2 Nd7 11. Nd2 Nxd2 12. Qxd2 e5 13. dxe5 Nxe5 14. Bf4 Qe7 15.
Rfd1 Rfe8 16. c3 Rad8 17. Bb5 Rf8 18. Qc2 Nd7 19. Bf1 Nc5 20. Nb5 Ne6 21. Bg3
h5 22. Nd4 h4 23. Bh2 Ng5 24. Bf4 Be5 25. Bxg5 Qxg5 26. f4 Qh6 27. fxe5 dxe5
28. Nb5 Qxe3+ 29. Qf2 Qg5 30. Nxc7 e4 31. c4 e3 32. Qe2 Rd2 33. Rxd2 exd2 34.
Nd5 Bxd5 35. cxd5 Rd8 36. Rd1 Qxd5 37. Qf2 Rd6 38. Bb5 Qg5 39. b3 Kg7 40. Bc4
Rd7 41. Qf3 Qe5 42. Kf1 Re7 43. Be2 Rd7 44. Kg1 Qd4+ 45. Kh1 Re7 46. Qf1 Qc3
47. Bc4 f5 48. Qf3 Re1+ 49. Kh2 Qe5+ 50. g3 Qxg3+ 51. Qxg3 hxg3+ 52. Kg2 Rxd1
0-1

[Event "FIDE Open World Blitz 2021"]
[Site "Warsaw"]
[Date "2021.12.30"]
[Round "16.21"]
[White "Vidit, Santosh Gujrathi"]
[Black "Kobalia, Mikhail"]
[Result "0-1"]
[WhiteElo "2727"]
[BlackElo "2600"]
[Annotator "ChessBase"]
[PlyCount "110"]
[EventDate "2021.12.29"]
[EventType "swiss"]
[EventCountry "POL"]
[Tiebreak "Cut1 Buchholz"]
[SourceTitle "playchess.com"]
[Source "ChessBase"]
[SourceQuality "1"]

1. d4 d5 2. c4 c6 3. Nf3 Nf6 4. cxd5 cxd5 5. Nc3 Nc6 6. Bf4 a6 7. Ne5 e6 8. e3
Nxe5 9. Bxe5 Be7 10. Bd3 O-O 11. O-O Bd7 12. Qf3 Bc6 13. Qg3 g6 14. Rad1 Rc8
15. Qh3 Nd7 16. Bf4 Nf6 17. Bh6 Re8 18. f4 b5 19. a3 Bd7 20. g4 b4 21. axb4
Bxb4 22. Bg5 Be7 23. f5 exf5 24. gxf5 Ne4 25. Bxe7 Qxe7 26. Bxe4 dxe4 27. Qh6
Qf8 28. Qg5 f6 29. Qg3 g5 30. h4 h6 31. hxg5 hxg5 32. Rd2 Kg7 33. Rh2 Qe7 34.
Rh5 Qf7 35. Rh2 Rh8 36. Rff2 Rxh2 37. Rxh2 Bxf5 38. Qd6 Qc7 39. Qxc7+ Rxc7 40.
Rf2 Bg6 41. d5 f5 42. d6 Rd7 43. Rd2 f4 44. Kf2 Kf6 45. Rd5 Bf5 46. Na4 Ke6 47.
Ra5 Rxd6 48. Nc5+ Kf6 49. Rxa6 Rxa6 50. Nxa6 Ke5 51. b4 g4 52. exf4+ Kxf4 53.
Nc5 e3+ 54. Kg1 g3 55. Na4 e2 0-1